00251nam a2200121Ia 45000030006000000080041000060400015000471000015000622450017000772600006000945460012001000050017001120STCL150530s9999 xx 000 0 und d aSTCLcSTCL aAchebe, C. aArrow of God c0 aEnglish20220125171202.0